header

Narcissus and Oedipus (Record no. 215998)

MARC details
000 -LEADER
fixed length control field 01461nam a2200373 a 4500
100 1# - MAIN ENTRY--AUTHOR NAME
Personal name Hamilton, Victoria.
245 10 - TITLE STATEMENT
Title Narcissus and Oedipus
250 ## - EDITION STATEMENT
Edition statement New ed.
260 ## - PUBLICATION, DISTRIBUTION, ETC. (IMPRINT)
Place of publication London :
Name of publisher Karnac Books,
Year of publication 1993.
300 ## - PHYSICAL DESCRIPTION
Number of Pages xxi, 313 p.
500 ## - GENERAL NOTE
General note First published in 1982 by Routledge & Kegan Paul Limited.
505 0# - FORMATTED CONTENTS NOTE
Formatted contents note pt. 1. Narcissus -- pt. 2. Oedipus.
650 #0 - SUBJECT ADDED ENTRY--TOPICAL TERM
Topical Term Psychoanalysis.
Topical Term Narcissism.
Topical Term Oedipus complex.
700 1# - ADDED ENTRY--PERSONAL NAME
Personal name Rayner, Eric.
Personal name Schwartz, Murray M.
856 40 - ELECTRONIC LOCATION AND ACCESS
Uniform Resource Identifier http://site.ebrary.com/lib/rucke/Doc?id=10475839

No items available.

© 2026 Rongo University
Contact us: librarian | system librarian | Rongo university